| 000 | 00637nam a22001937a 4500 | ||
|---|---|---|---|
| 003 | OSt | ||
| 005 | 20251009015109.0 | ||
| 008 | 251009b |||||||| |||| 00| 0 eng d | ||
| 020 | _a 9786218179103 | ||
| 040 |
_aDWCL-Main lib _cOC |
||
| 082 | _aFil. 338.479 Y37m 2021 | ||
| 100 | _aYeung, Mylene | ||
| 245 |
_aMicro Perspective of Tourism and Hospitality/ _cMylene Yeung |
||
| 260 |
_aManila, Philippines : _b EDRIC Publishing House, _cc2021 |
||
| 300 |
_a138 pages : _bIllustration ; _c25cm. |
||
| 504 | _aIncludes Bibliographical References. | ||
| 650 | _a1. Hospitality Industry -- Management. | ||
| 942 |
_2ddc _cBK - FIL _kFil. _n0 |
||
| 999 |
_c4741 _d4741 |
||